Family and intimacy/ (Record no. 11460)

MARC details
000 -LEADER
fixed length control field 00629nam a22002297a 4500
005 - DATE AND TIME OF LATEST TRANSACTION
control field 20230119140434.0
008 - FIXED-LENGTH DATA ELEMENTS--GENERAL INFORMATION
fixed length control field 230119b ||||| |||| 00| 0 eng d
020 ## - INTERNATIONAL STANDARD BOOK NUMBER
International Standard Book Number 9789382056874
040 ## - CATALOGING SOURCE
Original cataloging agency IN-DiNC
Transcribing agency IN-DiNC
041 ## - LANGUAGE CODE
Language code of sung or spoken text English
082 ## - DEWEY DECIMAL CLASSIFICATION NUMBER
Edition number 306.8
Item number FAM
245 ## - TITLE STATEMENT
Title Family and intimacy/
Statement of responsibility, etc. by Moushumi Bordoloi and others
250 ## - EDITION STATEMENT
Edition statement 1st ed.
260 ## - PUBLICATION, DISTRIBUTION, ETC.
Place of publication, distribution, etc. Dibrugarh:
Name of publisher, distributor, etc. Banalata,
Date of publication, distribution, etc. 2020.
300 ## - PHYSICAL DESCRIPTION
Extent 104p.
650 ## - SUBJECT ADDED ENTRY--TOPICAL TERM
Topical term or geographic name entry element Family and intimacy
700 ## - ADDED ENTRY--PERSONAL NAME
Personal name Bordoloi, Moushumi
Relator term Author
700 ## - ADDED ENTRY--PERSONAL NAME
Personal name Bodo, Phirmi
Relator term Author
700 ## - ADDED ENTRY--PERSONAL NAME
Personal name Dasgupta, Piyali
Relator term Author
700 ## - ADDED ENTRY--PERSONAL NAME
Personal name Borah, Priyanka
Relator term Author
942 ## - ADDED ENTRY ELEMENTS (KOHA)
Source of classification or shelving scheme Dewey Decimal Classification
Koha item type Books
Holdings
Withdrawn status Lost status Source of classification or shelving scheme Damaged status Not for loan Collection code Home library Current library Shelving location Date acquired Cost, normal purchase price Total Checkouts Full call number Barcode Date last seen Date last checked out Copy number Price effective from Koha item type
    Dewey Decimal Classification     Sociology Naharkatiya College Library Naharkatiya College Library General Stacks 19/01/2023 120.00 5 306.8 FAM 29237 26/05/2023 02/05/2023 1 19/01/2023 Books
    Dewey Decimal Classification     Sociology Naharkatiya College Library Naharkatiya College Library General Stacks 19/01/2023 120.00 2 306.8 FAM 29238 16/03/2023 21/02/2023 2 19/01/2023 Books
    Dewey Decimal Classification     Sociology Naharkatiya College Library Naharkatiya College Library General Stacks 19/01/2023 120.00 2 306.8 FAM 29239 25/05/2023 09/03/2023 3 19/01/2023 Books

Naharkatiya College © 2020. All rights reserved.

Powered By